Giáo trình thanh toán quốc tế

KT119

Zapisane w:
Opis bibliograficzny
1. autor: Trần, Hoàng Ngân
Kolejni autorzy: Hoàng, Thị Minh Ngọc
Format: Książka
Język:Undetermined
Wydane: TP.HCM Thống kê 2009
Hasła przedmiotowe:
Dostęp online:http://lrc.tdmu.edu.vn/opac/search/detail.asp?aID=2&ID=3863
Etykiety: Dodaj etykietę
Nie ma etykietki, Dołącz pierwszą etykiete!
Thư viện lưu trữ: Trung tâm Học liệu Trường Đại học Thủ Dầu Một
LEADER 00809nam a2200217Ia 4500
001 TDMU_3863
008 210410s9999 xx 000 0 und d
082 |a 332.45 
090 |b TR121 
100 |a Trần, Hoàng Ngân 
245 0 |a Giáo trình thanh toán quốc tế 
245 0 |c Trần Hoàng Ngân, Hoàng Thị Minh Ngọc, Trầm Thị Xuân Hương, Nguyễn Minh Kiều, Võ Thị Tuyết Anh, Phan Chung Thủy 
260 |a TP.HCM 
260 |b Thống kê 
260 |c 2009 
300 |a 489tr. 
520 |a KT119 
650 |a Thanh toán quốc tế  |v Giáo trình 
700 |a Hoàng, Thị Minh Ngọc 
856 |u http://lrc.tdmu.edu.vn/opac/search/detail.asp?aID=2&ID=3863 
980 |a Trung tâm Học liệu Trường Đại học Thủ Dầu Một